Dawne państwa - Statystyki

Ogólne statystyki
  • Ten quiz został rozwiązany 8 540 razy
  • Średni wynik to 10 z 20
Statystyki odpowiedzi
Wskazówka Lata istnienia Odpowiedź % Poprawnych
Czechy i Słowacja 1918–1992 Czechosłowacja
99%
Jego stolicą był Berlin Wschodni 1945–1990 Niemcy Wschodnie
93%
Dawne mocarstwo 1922–1991 Związek Radziecki
80%
Wolne miasto między Polską, a Niemcami 1920–1939 Wolne Miasto Gdańsk
77%
Podbili powyższe państwo ok. 1299–1923 Imperium Osmańskie
74%
Podzielone na 7 różnych państw 1918–1992 Jugosławia
71%
Jego stolicą był Konstantynopol 330–1453 Cesarstwo Bizantyńskie
66%
Rządzone przez Otto von Bismarcka 1525–1871 Prusy
61%
Obecnie land w południowo-wschodnich Niemczech 907–1871 Bawaria
60%
Uzyskali niepodległość od Meksyku 1836–1845 Teksas
57%
Greckie miasto, którego Aleksander Wielkinigdy nie próbował zdobyć X w. p.n.e.–192 p.n.e. Sparta
45%
Przegrali trzy wojny punickie ok. 814 p.n.e.–146 p.n.e. Kartagina
37%
Rządzone przez odrodzonego Lamę 1921–1951 Tybet
36%
Najjaśniejsza republika północnego Adriatyku 697–1797 Republika Wenecka
30%
W 2014 zagłosowali przeciwko niepodległości 843–1707 Szkocja
30%
Zjednoczył się z Tanganiką, by utworzyć Tanzanię 1856–1964 Zanzibar
27%
Marionetka Japonii w północnych Chinach 1932–1945 Mandżukuo
20%
Nieuznawane państwo rządzone przez białych, poprzednik Zimbabwe 1965–1979 Rodezja
20%
Podbite przez Edwarda Longshanksa 1216–1282 Walia
13%
Stał się 14. stanem USA 1777–1791 Vermont
8%
Nie znaleziono quizów pasujących do podanych kryteriów
Rozkład punktacji
Procent ludzi z każdym wynikiem
Percentyl według liczby udzielonych odpowiedzi
Twoja historia wyników
Nie rozwiązałeś tego quizu